00613nam a2200217Ia 4500008004100000020001400041040001900055041001200074082002000086100001800106245002600124260004100150300002400191440002100215504001900236650000800255850001400263942000700277999001700284952009400301131103s9999 xx 000 0 und d a356111725 aLoreto College aEnglish aREFbLCBED/9768 aGribbin, Mary aHearingcMary Gribbin aLondonbMacdonald Educationalc[19?] a31p.b pic.c 23cm. aMy first library aIncludes index aREF aLCBED/REF cBK c33402d83881 00104070aMAINbMAINd2013-11-04l0oREF LCBED/9768pB36257r2013-11-04w2013-11-04yBK